LEADER 01009nam0-2200361---450 001 990005371910403321 005 20221108144112.0 035 $a000537191 035 $aFED01000537191 035 $a(Aleph)000537191FED01 035 $a000537191 100 $a19990604d1958----km-y0itay50------ba 101 1 $aita 102 $aIT 105 $af-------001yy 200 1 $aCreta Micene Troia$fFriedrich Matz 210 $aRoma$cPrimato$d[1958] 215 $a325 p., [115] c. di tav.$cill.$d27 cm 225 1 $a<>grandi civiltą del passato$v4 610 0 $aCiviltą cretese micenea 676 $a709.01 676 $a709.3 700 1$aMatz,$bFriedrich$f<1843-1874>$0120590 801 0$aIT$bUNINA$gRICA$2UNIMARC 901 $aBK 912 $a990005371910403321 952 $a709.3 MAT 1$bARCH. 9836$fFLFBC 952 $a709.3 MAT 1 (BIS)$bbibl.31606$fFLFBC 952 $a13110 GRA/4$b014308$fSES 959 $aFLFBC 959 $aSES 996 $aCreta Micene Troia$9594098 997 $aUNINA LEADER 01148nam 2200373 450 001 9910794110503321 005 20230822235524.0 010 $a1-68373-250-2 035 $a(CKB)4100000011340722 035 $a(MiAaPQ)EBC6260887 035 $a(EXLCZ)994100000011340722 100 $a20201105d2020 uy 0 101 0 $aeng 135 $aurcnu|||||||| 181 $ctxt$2rdacontent 182 $cc$2rdamedia 183 $acr$2rdacarrier 200 10$aExpressive therapies for kids $ean art, music, play and drama toolbox for school-based counseling /$fKimberley Palmiotto 210 1$aEau Claire, Wisconsin :$cPESI Publishing & Media,$d[2020] 210 4$d©2020 215 $a1 online resource (x, 160 pages) 311 $a1-68373-249-9 320 $aIncludes bibliographical references. 606 $aArt therapy for children 615 0$aArt therapy for children. 676 $a618.92891656 700 $aPalmiotto$b Kimberley$01490940 801 0$bMiAaPQ 801 1$bMiAaPQ 801 2$bMiAaPQ 906 $aBOOK 912 $a9910794110503321 996 $aExpressive therapies for kids$93712430 997 $aUNINA